[Event "Plzen, FSB A"]
[Site "?"]
[Date "2000.??.??"]
[Round "1"]
[White "Mirumian, V."]
[Black "Stehlik, J."]
[Result "1-0"]
[WhiteElo "2555"]
[BlackElo "2105"]
[PlyCount "27"]
[EventDate "2000.??.??"]
[Source "ChessBase"]
[SourceDate "1996.11.15"]

1. e4 e5 2. Nc3 d6 3. Bc4 Nf6 4. d3 Nc6 5. f4 Bg4 6. Nf3 Na5 7. fxe5 dxe5 8.
Bxf7+ Kxf7 9. Nxe5+ Kg8 10. Nxg4 Nxg4 11. Qxg4 h5 12. Qe6+ Kh7 13. Qf5+ g6 14.
Qxa5 1-0

[Event "Plzen, FSB A"]
[Site "?"]
[Date "2000.??.??"]
[Round "1"]
[White "Kovar, V."]
[Black "Vokac, M."]
[Result "0-1"]
[WhiteElo "2105"]
[BlackElo "2520"]
[PlyCount "80"]
[EventDate "2000.??.??"]
[Source "ChessBase"]
[SourceDate "1996.11.15"]

1. e4 g6 2. d4 Bg7 3. Nf3 d6 4. Be2 a6 5. O-O b5 6. a4 b4 7. Re1 Nd7 8. Bc4 e6
9. Bg5 Ne7 10. Qd2 h6 11. Bxe7 Qxe7 12. Qxb4 c5 13. Qd2 cxd4 14. Nxd4 Qg5 15.
c3 Rb8 16. Qe2 O-O 17. Na3 Ne5 18. Rab1 d5 19. exd5 Nxc4 20. Nxc4 Qxd5 21. Ne3
Qd7 22. Qc4 Bb7 23. Red1 Rfc8 24. Qa2 Qe7 25. Rd2 Qh4 26. Rbd1 Be5 27. Nf1 Bd5
28. Qa3 h5 29. Nc2 Bb3 30. Re1 Bg7 31. Nd4 Bd5 32. Qd6 Qg5 33. Qg3 Qxg3 34.
hxg3 Bxd4 35. Rxd4 Rxb2 36. Ne3 Bb3 37. Rc1 a5 38. c4 Bxa4 39. c5 Bb5 40. Nc4
Rxc5 0-1

[Event "Plzen, FSB A"]
[Site "?"]
[Date "2000.??.??"]
[Round "1"]
[White "Votava, J."]
[Black "Bujnoch, R."]
[Result "1-0"]
[WhiteElo "2505"]
[BlackElo "2100"]
[PlyCount "61"]
[EventDate "2000.??.??"]
[Source "ChessBase"]
[SourceDate "1996.11.15"]

1. e4 c5 2. Nf3 d6 3. d4 cxd4 4. Nxd4 Nf6 5. Nc3 a6 6. Be2 e6 7. Be3 Be7 8. O-O
b5 9. a4 b4 10. Na2 Nxe4 11. Nxb4 Bb7 12. f3 Nf6 13. f4 d5 14. Nd3 Nbd7 15. Nf3
Qc7 16. Bd4 Bd6 17. Nfe5 a5 18. Nxd7 Kxd7 19. Ne5+ Ke7 20. Bb5 Ne4 21. Qh5 Raf8
22. Rae1 f6 23. Nd7 Rd8 24. Bb6 Bc5+ 25. Bxc5+ Nxc5 26. Nxc5 Qxc5+ 27. Kh1 Rd6
28. Rf3 Qb4 29. c3 Qxb2 30. Rg3 Rg8 31. Rxg7+ 1-0

[Event "Plzen, FSB A"]
[Site "?"]
[Date "2000.??.??"]
[Round "1"]
[White "Bugbee, B."]
[Black "Gross, D."]
[Result "0-1"]
[WhiteElo "2095"]
[BlackElo "2465"]
[PlyCount "90"]
[EventDate "2000.??.??"]
[Source "ChessBase"]
[SourceDate "1996.11.15"]

1. c4 g6 2. g3 Bg7 3. Bg2 e5 4. Nc3 Nc6 5. e4 d6 6. Nge2 f5 7. d3 Nf6 8. O-O
O-O 9. Rb1 a5 10. b3 Be6 11. Nd5 Qd7 12. Bb2 fxe4 13. dxe4 Bh3 14. f3 Rf7 15.
a3 Raf8 16. Qd2 h5 17. b4 axb4 18. axb4 Kh7 19. Bc3 Nd8 20. Rbd1 Bh6 21. Qd3
Nxd5 22. Qxd5 Be6 23. Qd3 Qc6 24. c5 dxc5 25. Bxe5 cxb4 26. f4 Bc4 27. Qe3 Qb5
28. Rd5 Bxd5 29. exd5 Re7 30. Nd4 Qb6 31. Rc1 Rxe5 32. Qxe5 Bg7 33. Rxc7 Rf7
34. Rxf7 Nxf7 35. Qe6 Qxd4+ 36. Kf1 Qd1+ 37. Qe1 Qxe1+ 38. Kxe1 Nd6 39. Kd1 b3
40. Kc1 b2+ 41. Kc2 Nc4 42. Be4 b1=Q+ 43. Kxb1 Nd2+ 44. Kc2 Nxe4 45. Kd3 Nd6
0-1

[Event "Plzen, FSB A"]
[Site "?"]
[Date "2000.??.??"]
[Round "1"]
[White "Volosin, L."]
[Black "Pokrupa, M."]
[Result "1-0"]
[WhiteElo "2455"]
[BlackElo "2085"]
[PlyCount "85"]
[EventDate "2000.??.??"]
[Source "ChessBase"]
[SourceDate "1996.11.15"]

1. d4 Nf6 2. Nc3 d5 3. Bg5 Bf5 4. Bxf6 exf6 5. e3 Qd7 6. Bd3 Bxd3 7. Qxd3 Nc6
8. a3 f5 9. Nge2 g6 10. Qb5 O-O-O 11. Nf4 Ne7 12. Qxd7+ Rxd7 13. O-O-O Bg7 14.
Kb1 c6 15. Nce2 Kb8 16. Rc1 Nc8 17. c4 dxc4 18. Rxc4 Nd6 19. Rc2 Ne4 20. Nd3
Re7 21. h4 h5 22. b4 Rhe8 23. Nc3 Nxf2 24. Rxf2 Rxe3 25. Kc2 Bxd4 26. Rf3 Bf6
27. Rfh3 Bxc3 28. Rxe3 Rxe3 29. Kxc3 Rg3 30. Re1 Rxg2 31. Re8+ Kc7 32. Rf8 Rg4
33. Ne5 Rxh4 34. Rxf7+ Kc8 35. Nxg6 Rh3+ 36. Kc4 Rxa3 37. Rxf5 Rh3 38. Rf8+ Kd7
39. Rf7+ Ke8 40. Rxb7 Rg3 41. Ne5 Re3 42. Nxc6 Re4+ 43. Kd5 1-0

[Event "Plzen, FSB A"]
[Site "?"]
[Date "2000.??.??"]
[Round "1"]
[White "Krejcik, J."]
[Black "Konopka, M."]
[Result "0-1"]
[WhiteElo "2080"]
[BlackElo "2450"]
[PlyCount "138"]
[EventDate "2000.??.??"]
[Source "ChessBase"]
[SourceDate "1996.11.15"]

1. f4 d5 2. Nf3 g6 3. e3 Bg7 4. d4 Nh6 5. Bd3 O-O 6. O-O c5 7. c3 Bf5 8. Bxf5
Nxf5 9. dxc5 Na6 10. Nd4 Nxc5 11. Nxf5 gxf5 12. Qh5 e6 13. Rf3 Qf6 14. Rh3 Qg6
15. Qe2 Qg4 16. Qf1 Ne4 17. Nd2 Rad8 18. Nf3 Bf6 19. Bd2 Be7 20. Be1 Kh8 21.
Bh4 f6 22. Ne5 Qg7 23. Nd3 Rg8 24. Rd1 Qf7 25. Qe2 Rg6 26. Kh1 Rdg8 27. Rg1 Qg7
28. Be1 Bd8 29. Rf3 Rh6 30. g3 Rg6 31. Nf2 Nd6 32. b3 b5 33. Nd3 Bb6 34. Nb2
Rh6 35. a4 bxa4 36. Nxa4 Qg4 37. Rf2 Ne4 38. Rfg2 Rc8 39. Qxg4 fxg4 40. Nxb6
axb6 41. Rc2 b5 42. Ra2 f5 43. Rgg2 Rf6 44. Ra5 Rb8 45. Ra7 Kg8 46. Rga2 Rf7
47. R7a6 Rc7 48. Rxe6 b4 49. Rxe4 fxe4 50. cxb4 Rc1 51. Re2 Rxb4 52. Kg2 Rxb3
53. Bf2 Kf7 54. Rd2 Rd3 55. Re2 Ke6 56. h3 h5 57. hxg4 hxg4 58. Bg1 Rdc3 59.
Bf2 Kd6 60. Be1 R1c2 61. Rxc2 Rxc2+ 62. Kf1 Kc5 63. Bf2 Kc4 64. Bg1 Rc1+ 65.
Kg2 Kd3 66. Bf2 Ke2 67. Bg1 Rf1 68. Kh2 Kf3 69. f5 Ke2 0-1

[Event "Plzen, FSB A"]
[Site "?"]
[Date "2000.??.??"]
[Round "1"]
[White "Cvek, R."]
[Black "Hajek, J."]
[Result "1/2-1/2"]
[WhiteElo "2405"]
[BlackElo "2075"]
[PlyCount "69"]
[EventDate "2000.??.??"]
[Source "ChessBase"]
[SourceDate "1996.11.15"]

1. c4 e5 2. Nc3 Nc6 3. Nf3 Nf6 4. d3 Bb4 5. Bd2 O-O 6. e3 d6 7. Be2 b6 8. a3
Bxc3 9. Bxc3 Bb7 10. e4 Qe7 11. g3 Nd7 12. Nh4 g6 13. O-O Rae8 14. Bg4 f6 15.
b4 Ncb8 16. Bd2 Rf7 17. Bh3 Nf8 18. f4 Bc8 19. f5 g5 20. Ng2 h6 21. Bg4 Rd8 22.
b5 a5 23. Ne3 Bb7 24. Bh5 Rg7 25. Ng4 Rh7 26. Bg6 Rh8 27. h4 Nfd7 28. Qf3 Rf8
29. Nf2 Nc5 30. Rab1 Nbd7 31. Kg2 Kg7 32. Rh1 Rfg8 33. Qh5 Nxd3 34. hxg5 fxg5
35. Qf3 1/2-1/2

[Event "Plzen, FSB A"]
[Site "?"]
[Date "2000.??.??"]
[Round "1"]
[White "Ziabari, M."]
[Black "Lechtynsky, J."]
[Result "0-1"]
[WhiteElo "2070"]
[BlackElo "2405"]
[PlyCount "122"]
[EventDate "2000.??.??"]
[Source "ChessBase"]
[SourceDate "1996.11.15"]

1. e4 c5 2. Nf3 e6 3. Nc3 Nc6 4. d4 cxd4 5. Nxd4 d6 6. Bb5 Bd7 7. Be3 Nf6 8. g4
h6 9. Rg1 a6 10. Nxc6 Bxc6 11. Bxc6+ bxc6 12. Qd4 c5 13. Qa4+ Qd7 14. Qxd7+
Nxd7 15. O-O-O g5 16. f4 Be7 17. h3 O-O-O 18. Rgf1 Rh7 19. Na4 Kc7 20. Rd3 gxf4
21. Bxf4 Bg5 22. Rdf3 Ne5 23. Rc3 Rb8 24. Kb1 Bxf4 25. Rxf4 h5 26. a3 hxg4 27.
hxg4 Rh4 28. Ka2 Kd7 29. Rg3 Rh2 30. Rb3 Rxb3 31. Kxb3 Kc6 32. c4 Rg2 33. Nc3
Kb6 34. Rf1 Rxg4 35. Rd1 Kc6 36. Rh1 Rg8 37. Rf1 Rb8+ 38. Ka2 Nxc4 39. b3 Rxb3
40. Nb1 Rb2+ 41. Ka1 Rb7 42. Ka2 d5 43. exd5+ exd5 44. Rf6+ Nd6 45. Nc3 Re7 46.
a4 Re6 47. Rf1 d4 48. Nd1 f5 49. a5 Kb5 50. Nb2 Re2 51. Kb3 Re3+ 52. Ka2 Kxa5
53. Rc1 Kb5 54. Nd1 f4 55. Nxe3 fxe3 56. Rb1+ Kc6 57. Kb3 c4+ 58. Kc2 Ne4 59.
Ra1 d3+ 60. Kb2 Kc5 61. Rxa6 e2 0-1

[Event "Plzen, FSB A"]
[Site "?"]
[Date "2000.??.??"]
[Round "1"]
[White "Vavra, P."]
[Black "Rietveld, L."]
[Result "1-0"]
[WhiteElo "2390"]
[BlackElo "2070"]
[PlyCount "41"]
[EventDate "2000.??.??"]
[Source "ChessBase"]
[SourceDate "1996.11.15"]

1. e4 d5 2. exd5 Qxd5 3. Nc3 Qa5 4. Bc4 Nf6 5. d3 c6 6. Nge2 Bg4 7. h3 Bxe2 8.
Qxe2 e6 9. O-O Nbd7 10. Bf4 O-O-O 11. a3 g5 12. Bh2 h5 13. d4 g4 14. h4 g3 15.
Bxg3 Be7 16. b4 Qf5 17. b5 c5 18. b6 Nxb6 19. Nb5 a6 20. Na7+ Kd7 21. Bb5+ 1-0

[Event "Plzen, FSB A"]
[Site "?"]
[Date "2000.??.??"]
[Round "1"]
[White "Balin, K."]
[Black "Zvara, P."]
[Result "0-1"]
[WhiteElo "2065"]
[BlackElo "2360"]
[PlyCount "60"]
[EventDate "2000.??.??"]
[Source "ChessBase"]
[SourceDate "1996.11.15"]

1. d4 Nf6 2. c4 c5 3. d5 e6 4. Nc3 exd5 5. cxd5 d6 6. e4 g6 7. Bd3 Bg7 8. Nge2
O-O 9. Ng3 a6 10. a4 Re8 11. O-O Nbd7 12. h3 h5 13. f4 h4 14. Nh1 Nh5 15. Qf3
Rb8 16. Be3 b5 17. axb5 axb5 18. Bxb5 f5 19. Bxd7 Bxd7 20. Rab1 fxe4 21. Qd1
Bf5 22. Qc2 Qb6 23. b4 Bd4 24. Qd2 Bxe3+ 25. Qxe3 cxb4 26. Qxb6 Rxb6 27. Ne2 e3
28. Rb2 Bd3 29. g4 hxg3 30. Kg2 Be4+ 0-1

[Event "Plzen, FSB A"]
[Site "?"]
[Date "2000.??.??"]
[Round "1"]
[White "Freisler, P."]
[Black "Decka, E."]
[Result "1-0"]
[WhiteElo "2360"]
[BlackElo "2065"]
[PlyCount "51"]
[EventDate "2000.??.??"]
[Source "ChessBase"]
[SourceDate "1996.11.15"]

1. Nf3 Nf6 2. c4 c5 3. g3 b6 4. Bg2 Bb7 5. O-O e6 6. Nc3 Be7 7. d4 cxd4 8. Qxd4
d6 9. Bg5 a6 10. Bxf6 Bxf6 11. Qd3 O-O 12. Rad1 Be7 13. Ng5 Bxg5 14. Bxb7 Ra7
15. Be4 f5 16. Bg2 Be7 17. f4 Nd7 18. e4 g6 19. Qe2 Rf6 20. Rfe1 Qf8 21. exf5
gxf5 22. Nd5 Rg6 23. Nxe7+ Qxe7 24. Qd3 Kf7 25. Qxd6 Qe8 26. Bc6 1-0

[Event "Plzen, FSB A"]
[Site "?"]
[Date "2000.??.??"]
[Round "1"]
[White "Vladyka, V."]
[Black "Dolezal jr., R."]
[Result "0-1"]
[WhiteElo "2065"]
[BlackElo "2355"]
[PlyCount "94"]
[EventDate "2000.??.??"]
[Source "ChessBase"]
[SourceDate "1996.11.15"]

1. e4 e5 2. Nf3 Nc6 3. Nc3 Nf6 4. Bb5 Bb4 5. d3 d6 6. O-O O-O 7. h3 Ne7 8. a3
Bxc3 9. bxc3 c6 10. Ba4 Ng6 11. c4 Nd7 12. Bb3 Nc5 13. Be3 f5 14. Bg5 Qc7 15.
exf5 Rxf5 16. Qe2 Bd7 17. Bd2 Raf8 18. Ng5 h6 19. Ne4 Ne6 20. Ng3 R5f7 21. Be3
Ngf4 22. Qd2 Ng5 23. Bxf4 Rxf4 24. Qe3 Kh8 25. Ne4 Nxe4 26. dxe4 c5 27. Rad1
Bc6 28. f3 g5 29. g3 R4f6 30. Kg2 Qg7 31. g4 Qg6 32. c3 Qf7 33. Kg3 Kg7 34. Qe2
h5 35. Kg2 Rh8 36. Rh1 Qg6 37. Bc2 Kf7 38. a4 Ke7 39. a5 Qg7 40. Ra1 Bd7 41.
Rab1 Bc8 42. Bd3 Kd8 43. Qb2 Rfh6 44. Qd2 Kc7 45. Qe3 Be6 46. Qe2 Qh7 47. Qb2
Bc8 0-1

[Event "Plzen, FSB A"]
[Site "?"]
[Date "2000.??.??"]
[Round "1"]
[White "Gross, S."]
[Black "Hoff, T."]
[Result "1-0"]
[WhiteElo "2355"]
[BlackElo "2050"]
[PlyCount "93"]
[EventDate "2000.??.??"]
[Source "ChessBase"]
[SourceDate "1996.11.15"]

1. c4 Nf6 2. g3 g6 3. Bg2 c5 4. Nf3 Nc6 5. d4 cxd4 6. Nxd4 Bg7 7. Nc3 O-O 8.
O-O Nxd4 9. Qxd4 d6 10. Qd3 Ng4 11. b3 Ne5 12. Qd2 Rb8 13. Bb2 Qa5 14. Rfd1 Re8
15. Rac1 Be6 16. Ba1 a6 17. Nd5 Qxd2 18. Rxd2 Bxd5 19. cxd5 Rec8 20. Rdd1 Kf8
21. Kf1 Bh6 22. e3 Nd3 23. Rxc8+ Rxc8 24. Be4 Nc5 25. Rc1 a5 26. Bd3 Rb8 27.
Bb5 e6 28. dxe6 fxe6 29. Rd1 Ke7 30. Ke2 Rd8 31. f3 b6 32. h4 Bf8 33. h5 g5 34.
Rc1 Kf7 35. Bd3 h6 36. Bg6+ Kg8 37. Bf6 Rd7 38. Be8 Rc7 39. a3 Rc8 40. Bb5 Kf7
41. Bd4 Rb8 42. b4 axb4 43. axb4 Nb3 44. Rc7+ Kg8 45. Bf6 d5 46. Bd3 Nc1+ 47.
Rxc1 1-0

[Event "Plzen, FSB A"]
[Site "?"]
[Date "2000.??.??"]
[Round "1"]
[White "Brousek, J."]
[Black "Kulhanek, T."]
[Result "1-0"]
[WhiteElo "2050"]
[BlackElo "2350"]
[PlyCount "81"]
[EventDate "2000.??.??"]
[Source "ChessBase"]
[SourceDate "1996.11.15"]

1. d4 Nf6 2. Nf3 e6 3. Bg5 d5 4. e3 Nbd7 5. Bd3 c5 6. c3 Be7 7. Nbd2 b6 8. Ne5
Nxe5 9. dxe5 Nd7 10. Bxe7 Qxe7 11. f4 Bb7 12. O-O O-O-O 13. Qa4 Kb8 14. Nf3 f6
15. Bb5 fxe5 16. Bxd7 Rxd7 17. Nxe5 Rc7 18. Rad1 Rg8 19. h3 g5 20. Rd2 Qg7 21.
Rff2 h5 22. Qd1 gxf4 23. exf4 Qh6 24. Qa4 a6 25. b4 b5 26. Qb3 Rf8 27. bxc5
Rxf4 28. Rxf4 Qxf4 29. Re2 Ka8 30. Qb4 Qc1+ 31. Kh2 Qf1 32. Rb2 Rc8 33. Qd4 Rf8
34. c6 Bc8 35. Nf3 Qc1 36. Re2 Qf4+ 37. Kg1 Qg3 38. Rf2 Rf4 39. Qb6 Rc4 40. Nd4
Qxc3 41. Qc7 1-0

[Event "Plzen, FSB A"]
[Site "?"]
[Date "2000.??.??"]
[Round "1"]
[White "Gross, G."]
[Black "Dolezal sr., R."]
[Result "1-0"]
[WhiteElo "2350"]
[BlackElo "2050"]
[PlyCount "117"]
[EventDate "2000.??.??"]
[Source "ChessBase"]
[SourceDate "1996.11.15"]

1. d4 d5 2. Nf3 c6 3. c4 Nf6 4. g3 Nbd7 5. Bg2 e6 6. O-O Bd6 7. Nc3 O-O 8. Qb3
b6 9. e4 Nxe4 10. Nxe4 dxe4 11. Ng5 Nf6 12. Rd1 Qe7 13. Nxe4 Nxe4 14. Bxe4 Bb7
15. Re1 Rfd8 16. Be3 Rd7 17. Rad1 Rc8 18. h4 h6 19. c5 bxc5 20. dxc5 Be5 21.
Rxd7 Qxd7 22. Rd1 Qc7 23. Kg2 Bf6 24. Bc2 Ba6 25. Qa4 Be2 26. Rd2 Bh5 27. Bf4
e5 28. Be3 Bg6 29. Bxg6 fxg6 30. Qe4 Kf7 31. Qc4+ Kf8 32. Qe6 Rd8 33. Rxd8+
Bxd8 34. Qxg6 Qd7 35. Qd6+ Qxd6 36. cxd6 a6 37. Ba7 Kf7 38. Kf3 h5 39. Ke4 Ke6
40. Bb8 Bb6 41. f3 g6 42. d7 Kxd7 43. Kxe5 Bd8 44. f4 Ke7 45. f5 gxf5 46. Kxf5
Kf7 47. Be5 Be7 48. b3 Bd8 49. Bf4 Be7 50. Be5 Bd8 51. Bd4 Be7 52. g4 hxg4 53.
Kxg4 Ke6 54. h5 Bf8 55. Kg5 Kd5 56. Bf6 Ke6 57. Kg6 Bh6 58. Kxh6 Kxf6 59. b4
1-0

[Event "Plzen, FSB A"]
[Site "?"]
[Date "2000.??.??"]
[Round "1"]
[White "Kracik, D."]
[Black "Glienke, M."]
[Result "0-1"]
[WhiteElo "2045"]
[BlackElo "2345"]
[PlyCount "48"]
[EventDate "2000.??.??"]
[Source "ChessBase"]
[SourceDate "1996.11.15"]

1. e4 c5 2. d4 cxd4 3. Nf3 Nc6 4. c3 dxc3 5. Nxc3 e6 6. Bc4 d6 7. O-O Nge7 8.
Qe2 Ng6 9. Rd1 a6 10. Be3 Be7 11. Rac1 O-O 12. Bb3 Bd7 13. Na4 b5 14. Nb6 Rb8
15. Nxd7 Qxd7 16. a4 Rfc8 17. axb5 axb5 18. Ra1 Qb7 19. Bg5 Bf8 20. Nd4 Nxd4
21. Rxd4 Ne5 22. f4 Qb6 23. Qf2 Ng4 24. Qd2 e5 0-1

[Event "Plzen, FSB A"]
[Site "?"]
[Date "2000.??.??"]
[Round "1"]
[White "Neuman, P."]
[Black "Ptacek, M."]
[Result "1-0"]
[WhiteElo "2330"]
[BlackElo "2035"]
[PlyCount "47"]
[EventDate "2000.??.??"]
[Source "ChessBase"]
[SourceDate "1996.11.15"]

1. d4 Nf6 2. c4 e5 3. dxe5 Ne4 4. Nf3 Bb4+ 5. Nbd2 Nc6 6. e3 Qe7 7. Be2 Nxd2 8.
Nxd2 Nxe5 9. O-O O-O 10. Nb3 Qf6 11. Nd4 a6 12. a3 Be7 13. Bd2 Nc6 14. Bc3 Nxd4
15. Bxd4 Qh6 16. Qb3 d6 17. Rad1 Bf6 18. Bf3 Bxd4 19. exd4 Re8 20. Rfe1 Rxe1+
21. Rxe1 Kf8 22. Bxb7 Rb8 23. Bc6 Qc1 24. Qc3 1-0

[Event "Plzen, FSB A"]
[Site "?"]
[Date "2000.??.??"]
[Round "1"]
[White "Vanek, T."]
[Black "Vyskocil, N."]
[Result "1/2-1/2"]
[WhiteElo "2030"]
[BlackElo "2330"]
[PlyCount "79"]
[EventDate "2000.??.??"]
[Source "ChessBase"]
[SourceDate "1996.11.15"]

1. d4 Nf6 2. Nf3 e6 3. Bg5 c5 4. e3 Qb6 5. Bxf6 Qxb2 6. Nbd2 gxf6 7. dxc5 Nc6
8. Bd3 Ne5 9. O-O Nxd3 10. cxd3 Bxc5 11. Rc1 b6 12. Nc4 Qb5 13. Nd4 Qa6 14. Qb3
d5 15. Nb5 dxc4 16. Rxc4 O-O 17. Nc7 Qb7 18. Nxa8 Qxa8 19. Qc3 e5 20. d4 Bd6
21. dxe5 Bxe5 22. Qd3 f5 23. Rh4 Bf6 24. Rh6 Bg7 25. Rd6 Qe4 26. Qa3 Bb7 27. f3
Qe7 28. Rfd1 Re8 29. R1d3 Qh4 30. g3 Qe7 31. Kg2 Bf8 32. Qa4 Bc8 33. Qf4 Be6
34. a4 Qc7 35. Qg5+ Kh8 36. Rd8 Rxd8 37. Rxd8 Qc2+ 38. Kh3 Qc5 39. f4 a6 40.
Qf6+ 1/2-1/2

[Event "Plzen, FSB A"]
[Site "?"]
[Date "2000.??.??"]
[Round "1"]
[White "Namyslo, H."]
[Black "Skacel, J."]
[Result "1-0"]
[WhiteElo "2325"]
[BlackElo "2030"]
[PlyCount "83"]
[EventDate "2000.??.??"]
[Source "ChessBase"]
[SourceDate "1996.11.15"]

1. e4 c5 2. Nf3 Nc6 3. d4 cxd4 4. Nxd4 Nf6 5. Nc3 e6 6. Ndb5 Bb4 7. a3 Bxc3+ 8.
Nxc3 d5 9. exd5 exd5 10. Bd3 O-O 11. O-O h6 12. Bf4 d4 13. Ne4 Nxe4 14. Bxe4
Qf6 15. Bg3 Bf5 16. Re1 Rfe8 17. Qd3 Bxe4 18. Rxe4 Re6 19. Rae1 Rae8 20. h3 Qg6
21. Rxe6 Rxe6 22. Rxe6 Qxe6 23. f3 Qa2 24. b4 a6 25. Kf2 b5 26. Bd6 Qd5 27. Bc5
Qe5 28. Qe4 Qf6 29. Ke2 g6 30. f4 g5 31. g3 gxf4 32. gxf4 h5 33. Kd3 h4 34.
Qg2+ Kh7 35. Qg4 Kh6 36. Ke4 Nd8 37. Bf8+ Kh7 38. Qf5+ Qg6 39. Qxg6+ Kxg6 40.
Be7 Nb7 41. f5+ Kg7 42. Kd5 1-0

[Event "Plzen, FSB A"]
[Site "?"]
[Date "2000.??.??"]
[Round "1"]
[White "Warnk, T."]
[Black "Michalek, J."]
[Result "1-0"]
[WhiteElo "2025"]
[BlackElo "2320"]
[PlyCount "73"]
[EventDate "2000.??.??"]
[Source "ChessBase"]
[SourceDate "1996.11.15"]

1. d4 Nf6 2. Nf3 g6 3. Bf4 Bg7 4. c4 c5 5. e3 O-O 6. Nc3 cxd4 7. exd4 d5 8. c5
Nc6 9. Bb5 Ne4 10. O-O Bg4 11. Bxc6 bxc6 12. h3 Bxf3 13. Qxf3 e5 14. Bc1 Nxc3
15. Qxc3 exd4 16. Qc2 Re8 17. Rb1 a5 18. b3 Qb8 19. Bb2 Qb5 20. Rfd1 Re2 21.
Qc1 Rae8 22. Bxd4 Bxd4 23. Rxd4 Rxa2 24. Qc3 Qe2 25. Rf4 Qc2 26. Rc1 Qd2 27.
Qxd2 Rxd2 28. Ra1 f5 29. Rxa5 Rd1+ 30. Kh2 Rd8 31. Ra6 Rb1 32. Rxc6 Rxb3 33.
Rd4 Kf7 34. Rc7+ Kf6 35. f4 Rc3 36. Rb4 Rc4 37. Rb6+ 1-0

[Event "Plzen, FSB A"]
[Site "?"]
[Date "2000.??.??"]
[Round "1"]
[White "Mazakova, P."]
[Black "Snaidr, J."]
[Result "1/2-1/2"]
[WhiteElo "2315"]
[BlackElo "2015"]
[PlyCount "54"]
[EventDate "2000.??.??"]
[Source "ChessBase"]
[SourceDate "1996.11.15"]

1. e4 c5 2. c3 d6 3. d4 Nf6 4. Bd3 Nc6 5. Ne2 Bd7 6. O-O cxd4 7. cxd4 e6 8.
Nbc3 Be7 9. h3 Rc8 10. Be3 a6 11. Rc1 b5 12. a3 Na5 13. e5 dxe5 14. dxe5 Nd5
15. Nxd5 exd5 16. Bb1 Be6 17. f4 Nc4 18. Bd4 f5 19. a4 O-O 20. axb5 axb5 21. b3
Na5 22. Qd3 b4 23. Kh1 Qd7 24. Bb2 Nb7 25. Rxc8 Rxc8 26. Rc1 Rxc1+ 27. Nxc1 Nc5
1/2-1/2

[Event "Plzen, FSB A"]
[Site "?"]
[Date "2000.??.??"]
[Round "1"]
[White "Kovarik, J."]
[Black "Menacher, M."]
[Result "0-1"]
[WhiteElo "2010"]
[BlackElo "2315"]
[PlyCount "114"]
[EventDate "2000.??.??"]
[Source "ChessBase"]
[SourceDate "1996.11.15"]

1. e4 c5 2. Nf3 Nc6 3. d4 cxd4 4. Nxd4 Nf6 5. Nc3 e5 6. Ndb5 d6 7. Nd5 Nxd5 8.
exd5 Nb8 9. c4 a6 10. Nc3 Be7 11. Be2 O-O 12. O-O Nd7 13. Be3 f5 14. Qc2 f4 15.
Bd2 Nc5 16. b4 Bf5 17. Qd1 Nd3 18. Qb3 Qe8 19. g4 f3 20. gxf5 Qh5 21. Ne4 fxe2
22. Qxd3 exf1=Q+ 23. Rxf1 Qxf5 24. f3 g5 25. c5 Rf7 26. Qb3 g4 27. cxd6 Bh4 28.
Ng3 Bxg3 29. hxg3 gxf3 30. Qe3 Rd8 31. Kf2 Rxd6 32. g4 Qg6 33. Qxe5 Qf6 34.
Qxf6 Rfxf6 35. Bc3 Rf7 36. Rd1 Rfd7 37. Kxf3 Rxd5 38. Rc1 Rc7 39. Ke4 Rg5 40.
Kf4 Rb5 41. a3 a5 42. a4 Rxb4+ 43. Bxb4 Rxc1 44. Bxa5 Rc4+ 45. Kf3 Rxa4 46. Bd8
Kf7 47. g5 Ke6 48. Ke3 Rc4 49. Bb6 Rc6 50. Bd4 Kd5 51. Kd3 b5 52. Bb2 Rc4 53.
Ba3 b4 54. Bb2 Rg4 55. Bf6 Rg3+ 56. Kc2 Kc4 57. Kb2 Rg2+ 0-1

[Event "Plzen, FSB A"]
[Site "?"]
[Date "2000.??.??"]
[Round "1"]
[White "Hlavnicka, J."]
[Black "Grosse_Honebrink, B."]
[Result "1-0"]
[WhiteElo "2305"]
[BlackElo "2005"]
[PlyCount "45"]
[EventDate "2000.??.??"]
[Source "ChessBase"]
[SourceDate "1996.11.15"]

1. d4 Nf6 2. Nf3 d5 3. Bg5 e6 4. e3 Be7 5. Bd3 Nbd7 6. Nbd2 c5 7. c3 O-O 8. O-O
b6 9. Bxf6 Nxf6 10. Ne5 Bb7 11. f4 Ne4 12. Ndf3 f5 13. g4 Qe8 14. g5 g6 15. Kg2
Kg7 16. h4 Bd6 17. Rh1 Bxe5 18. Nxe5 Nd6 19. h5 Nf7 20. hxg6 hxg6 21. Nxg6 Rh8
22. Nxh8 Nxh8 23. Qh5 1-0

[Event "Plzen, FSB A"]
[Site "?"]
[Date "2000.??.??"]
[Round "1"]
[White "Foglar, S."]
[Black "Jirka, J."]
[Result "0-1"]
[WhiteElo "2005"]
[BlackElo "2300"]
[PlyCount "124"]
[EventDate "2000.??.??"]
[Source "ChessBase"]
[SourceDate "1996.11.15"]

1. e4 e5 2. Nf3 Nc6 3. Bb5 Nd4 4. Nxd4 exd4 5. d3 Bc5 6. O-O c6 7. Bc4 d5 8.
exd5 cxd5 9. Bb5+ Bd7 10. Re1+ Ne7 11. Bxd7+ Qxd7 12. Bf4 O-O 13. Nd2 Rac8 14.
Nf3 f6 15. h3 Rc6 16. a3 Rfc8 17. Re2 a6 18. Qd2 Ba7 19. Rc1 Ng6 20. Bg3 Rb6
21. Rb1 Qa4 22. Qd1 Rbc6 23. Rc1 Qa5 24. h4 Kf7 25. h5 Nf8 26. Bf4 Ne6 27. Bg3
Qb6 28. Qe1 Bb8 29. Bxb8 Rxb8 30. b4 Rbc8 31. g3 Rc3 32. a4 Re8 33. a5 Qc6 34.
h6 g6 35. Kg2 Ra3 36. Kf1 Qd7 37. Ra1 Ra4 38. c3 dxc3 39. Qxc3 Rc8 40. Qe1 Rxa1
41. Qxa1 Qc6 42. Kg1 Qc1+ 43. Qxc1 Rxc1+ 44. Re1 Rc3 45. Kg2 Rxd3 46. Rc1 Rb3
47. Rc8 Rxb4 48. Rb8 d4 49. Nd2 g5 50. Ne4 d3 51. Nd6+ Ke7 52. Nf5+ Kd7 53. Rh8
d2 54. Rxh7+ Kc6 55. Ne3 Re4 56. Nd1 Re1 57. Re7 Nf4+ 58. gxf4 Rxe7 59. fxg5
fxg5 60. Kg3 Rh7 61. Kg4 Rxh6 62. Kxg5 Rh1 0-1

[Event "Plzen, FSB A"]
[Site "?"]
[Date "2000.??.??"]
[Round "1"]
[White "Kolago, M."]
[Black "Kamenik, M."]
[Result "1-0"]
[WhiteElo "2270"]
[BlackElo "2005"]
[PlyCount "73"]
[EventDate "2000.??.??"]
[Source "ChessBase"]
[SourceDate "1996.11.15"]

1. e4 c5 2. Nf3 Nc6 3. d4 cxd4 4. Nxd4 e5 5. Nb5 a6 6. Nd6+ Bxd6 7. Qxd6 Qf6 8.
Qd3 Nge7 9. Nc3 O-O 10. Be3 d5 11. exd5 Nb4 12. Qe4 a5 13. g4 Qd6 14. O-O-O f5
15. Qc4 fxg4 16. Nb5 Qg6 17. Nc7 Nf5 18. Nxa8 Nd6 19. Qb3 Bf5 20. Bd3 Rxa8 21.
Kb1 Rc8 22. Bxf5 Qxf5 23. Rc1 Rc4 24. Rhd1 b5 25. a4 bxa4 26. Qxa4 h5 27. Rd2
Kh7 28. Qxa5 Qc8 29. b3 Qb7 30. Qb6 Qa8 31. Qa7 Qc8 32. bxc4 Qxc4 33. c3 Nd3
34. Qa2 Qe4 35. Qc2 Nc4 36. Qxd3 Nxd2+ 37. Kc2 1-0

[Event "Plzen, FSB A"]
[Site "?"]
[Date "2000.??.??"]
[Round "1"]
[White "Kupka, F."]
[Black "Korenova, M."]
[Result "0-1"]
[WhiteElo "2005"]
[BlackElo "2265"]
[PlyCount "84"]
[EventDate "2000.??.??"]
[Source "ChessBase"]
[SourceDate "1996.11.15"]

1. e4 e5 2. Nf3 Nc6 3. Bb5 a6 4. Ba4 Nf6 5. O-O Be7 6. Re1 b5 7. Bb3 d6 8. c3
O-O 9. h3 Nb8 10. a4 Bb7 11. Bc2 Nbd7 12. d4 Re8 13. Bg5 c5 14. Bxf6 Bxf6 15.
d5 c4 16. Nbd2 Nc5 17. Qe2 g6 18. Nf1 Bg7 19. Ne3 Qd7 20. axb5 axb5 21. Qf1 Rf8
22. Rxa8 Bxa8 23. Ra1 Bb7 24. Qb1 h5 25. Nd2 Bh6 26. Ndf1 Ba6 27. Ra3 Rb8 28.
Qa2 Qc8 29. Nd2 Bxe3 30. fxe3 Kg7 31. Qa1 b4 32. cxb4 Rxb4 33. b3 cxb3 34. Nxb3
Nxb3 35. Rxb3 Rc4 36. Rb2 Rc3 37. Kh2 Rxe3 38. Qb1 Qc5 39. Qd1 Re2 40. Ra2 Qf2
41. Qg1 Qf4+ 42. Kh1 Bc4 0-1